LEADER 01113nam0-22003851i-450- 001 990001021960403321 010 $a0-387-90179-5 035 $a000102196 035 $aFED01000102196 035 $a(Aleph)000102196FED01 035 $a000102196 100 $a20000920d1976----km-y0itay50------ba 101 0 $aeng 200 1 $aCalculus with Applications and Computing$fPeter Lax, Samuel Burnstein, Anneli Lax 210 $aNew York [etc.]$cSpringer-Verlag$d1976 225 1 $aUndergraduate Texts in Mathematics 610 0 $aCalcolo 610 0 $aTeoria delle funzioni di variabile reale 610 0 $aSerie 610 0 $aIntegrazione e differenziazione 610 0 $aTabelle di integrali 610 0 $aTeoria della misura 676 $a517.00 676 $a517.36 700 1$aLax,$bPeter$042253 702 1$aBurnstein,$bSamuel 702 1$aLax,$bAnneli 801 0$aIT$bUNINA$gRICA$2UNIMARC 901 $aBK 912 $a990001021960403321 952 $a14-124$b12106$fFI1 959 $aFI1 996 $aCalculus with Applications and Computing$9339712 997 $aUNINA DB $aING01 LEADER 02205nam0-22006491i-450- 001 990004619090403321 005 20141127112815.0 035 $a000461909 035 $aFED01000461909 035 $a(Aleph)000461909FED01 035 $a000461909 100 $a20111201g19781982km-y0itay50------ba 101 0 $aita 102 $aIT 105 $ay-------001yy 200 1 $aStoria del marxismo$f[Eric J. Hobsbawm ... et al.] 210 $aTorino$cEinaudi$d1978-1982 215 $a4 v.$d22 cm 225 1 $aBiblioteca di cultura storica$v136 327 0 $a1.: Il marxismo ai tempi di Marx. - 1978$a2.: Il marxismo nell'età della Seconda Internazionale. - 1979$a3.1.: Dalla rivoluzione d'ottobre alla crisi del '29. - 1980$a3.2.: Dalla crisi del '29 al XX Congresso$a4.: Il marxismo oggi. - 1982 610 0 $aMarxismo$aStoria 676 $a335.409$v21$zita 702 1$aHobsbawm,$bEric John$f<1917-2012> 801 0$aIT$bUNINA$gRICA$2UNIMARC 901 $aBK 912 $a990004619090403321 952 $aDI LI-1/1-5$b1772-1776$fDEC 952 $aISVE B01.30/1$fDECTS 952 $aISVE B01.30/2$fDECTS 952 $aISVE B01.30/3I$fDECTS 952 $aISVE B01.30/3II$fDECTS 952 $aISVE B01.30/4$fDECTS 952 $a335.4 EIN 1 (2)$bvedi schedone$fFLFBC 952 $a335.4 EIN 1 (3.1)$bI.st.r.c.2982$fFLFBC 952 $a335.4 EIN 1 (3.2)$bI.st.r.c.3122$fFLFBC 952 $a335.4 EIN 1 (4)$bvedi schedone$fFLFBC 952 $a335.4 EIN 1 (1)$bST.REL. 1285$fFLFBC 952 $aD/4.2 STO/3.1$b2600$fSES 952 $aD/4.2 STO/3.2$b2601$fSES 952 $aD/4.2 STO/4$b2602$fSES 952 $aD/4.2 STO/1$b8922/I$fSES 952 $aD/4.2 STO/2$b9739/I$fSES 952 $aSE 27B.01.65-1$b3952$fDECSE 952 $aSE 27B.01.65-2$b4139$fDECSE 952 $aSE 27B.01.65-3$b95$fDECSE 952 $aSE 27B.01.65-4$b96$fDECSE 952 $aSE 27B.01.65-5$b564$fDECSE 952 $aCOLLEZ. 77 (136)$b8148-10786$fFSPBC 952 $aXII A 257$b14454-24917-9674$fFSPBC 959 $aDEC 959 $aDECTS 959 $aFLFBC 959 $aSES 959 $aDECSE 959 $aFSPBC 996 $aStoria del marxismo$9552934 997 $aUNINA LEADER 03508nam 22005652 450 001 9910159459603321 005 20170201170928.0 010 $a1-108-10958-6 010 $a1-108-11026-6 010 $a1-108-10549-1 010 $a1-139-54734-8 010 $a1-108-11094-0 010 $a1-108-11162-9 010 $a1-108-11434-2 035 $a(CKB)3710000001008883 035 $a(UkCbUP)CR9781139547345 035 $a(MiAaPQ)EBC4783957 035 $a(PPN)261305298 035 $a(EXLCZ)993710000001008883 100 $a20120709d2017|||| uy| 0 101 0 $aeng 135 $aur||||||||||| 181 $ctxt$2rdacontent 182 $cc$2rdamedia 183 $acr$2rdacarrier 200 10$aCurbing catastrophe $enatural hazards and risk reduction in the modern world /$fTimothy H. Dixon 210 1$aCambridge :$cCambridge University Press,$d2017. 215 $a1 online resource (xxi, 300 pages) $cdigital, PDF file(s) 300 $aTitle from publisher's bibliographic system (viewed on 31 Jan 2017). 311 08$a1-107-03518-X 311 08$a1-108-11366-4 327 $aMachine generated contents note: Preface; 1. Black and white swans, evolution, and markets; 2. What is a natural disaster? Where do they occur, and why? Are they different from human-made disasters?; 3. If we know so much about natural disasters, why are we so vulnerable?; 4. Japanese earthquakes and nuclear power plant failures; 5. Future earthquake disasters in Seattle and Istanbul; 6. Nuclear power, coal, and tuna: the concept of relative risk; 7. Past and future coastal flooding: Galveston, New Orleans, Bangladesh, and the specter of sea level rise; 8. What's all the fuss about global warming?; 9. Solutions; References and further reading; Index; Online appendices: Appendix 1. Additional background material and exercises for students; Appendix 2. Colour figures. 330 $aWhat does Japan's 2011 nuclear accident have in common with the 2005 flooding of New Orleans from Hurricane Katrina? This thought-provoking book presents a compelling account of recent and historical disasters, both natural and human-caused, drawing out common themes and providing a holistic understanding of hazards, disasters and mitigation, for anyone interested in this important and topical subject. Based on his on-the-ground experience with several major recent disasters, Timothy H. Dixon explores the science, politics and economics behind a variety of disasters and environmental issues, arguing that many of the worst effects are avoidable. He describes examples of planning and safety failures, provides forecasts of future disasters and proposes solutions for hazard mitigation. The book shows how billions of dollars and countless lives could be saved by adopting longer-term thinking for infrastructure planning and building, and argues that better communication is vital in reducing global risks and preventing future catastrophes. 606 $aNatural disasters$xPrevention 606 $aEmergency management 606 $aEmergency management 606 $aHazard mitigation 615 0$aNatural disasters$xPrevention. 615 0$aEmergency management. 615 0$aEmergency management. 615 0$aHazard mitigation. 676 $a363.34/7 686 $aSCI019000$2bisacsh 700 $aDixon$b Timothy H.$0853644 801 0$bUkCbUP 801 1$bUkCbUP 906 $aBOOK 912 $a9910159459603321 996 $aCurbing catastrophe$91906023 997 $aUNINA